Signos, símbolos, marcas, señales. Elementos, morfología, representación, significación.
Uloženo v:
| Hlavní autor: | |
|---|---|
| Médium: | Kniha |
| Jazyk: | španělština |
| Vydáno: |
Barcelona, España:
Gustavo Gili,
2005.
|
| Edice: | GG Diseño.
|
| Témata: | |
| Tagy: |
Přidat tag
Žádné tagy, Buďte první, kdo vytvoří štítek k tomuto záznamu!
|
MARC
| LEADER | 00000nam a2200000 a 4500 | ||
|---|---|---|---|
| 001 | UCT0876 | ||
| 003 | CL-VaPUC | ||
| 005 | 20250407202449.0 | ||
| 008 | 960913t20050000SP |||||||||||||||||spa|d | ||
| 999 | |c 447374 |d 447372 | ||
| 020 | |a 978-84-252-2085-2 | ||
| 040 | |c Pontificia Universidad Católica de Valparaíso | ||
| 082 | 0 | 4 | |a 704.946 FRU 2005 |2 22 |
| 100 | |a Frutiger, Adrián |e autor |9 369438 | ||
| 245 | 1 | 0 | |a Signos, símbolos, marcas, señales. |b Elementos, morfología, representación, significación. |
| 260 | |a Barcelona, España: |b Gustavo Gili, |c 2005. | ||
| 300 | |a 286 páginas: |b ilustraciones. | ||
| 490 | |a GG Diseño. | ||
| 500 | |a c.1-5: Instituto Arcos. 08-01-2025 | ||
| 583 | |a last modification |c 20140410 11:06:22 |k Yessy Sthefany Diaz Vidal | ||
| 650 | 0 | |a Signos |2 CL-VaPUC |9 337575 |v Origen y comunicación |x Aspectos artísticos | |
| 650 | 0 | |a Símbolos |9 267425 |x Diseño y escritura | |
| 650 | 0 | |a Simbolismo en el arte |9 265074 |x Aspectos artísticos y culturales | |
| 942 | |c BK |2 ddc |n 0 | ||
| 945 | |d 19960913 00:00:00 |a nastorga | ||
| 952 | |0 0 |1 0 |2 ddc |4 0 |6 704_946000000000000_FRU_2005 |7 0 |8 A |9 601333 |a BIBINC |b BIBINC |d 2025-03-17 |e Instituto Arcos |i 5666052 |l 1 |m 2 |o 704.946 FRU 2005 |p 5666052 |r 2025-05-09 |s 2025-03-24 |t 1 |w 2025-03-17 |y BK |k IFP | ||
| 952 | |0 0 |1 0 |2 ddc |4 0 |6 704_946000000000000_FRU_2005 |7 0 |8 A |9 601336 |a BIBINC |b BIBINC |d 2025-03-17 |e Instituto Arcos |i 5666053 |o 704.946 FRU 2005 |p 5666053 |r 2025-03-17 |t 2 |w 2025-03-17 |y BK |k IFP | ||
| 952 | |0 0 |1 0 |2 ddc |4 0 |6 704_946000000000000_FRU_2005 |7 0 |8 A |9 601339 |a BIBINC |b BIBINC |d 2025-03-17 |e Instituto Arcos |i 5666230 |o 704.946 FRU 2005 |p 5666230 |r 2025-03-17 |t 3 |w 2025-03-17 |y BK |k IFP | ||
| 952 | |0 0 |1 0 |2 ddc |4 0 |6 704_946000000000000_FRU_2005 |7 0 |8 A |9 601340 |a BIBINC |b BIBINC |d 2025-03-17 |e Instituto Arcos |i 5666231 |o 704.946 FRU 2005 |p 5666231 |r 2025-03-17 |t 4 |w 2025-03-17 |y BK |k IFP | ||
| 952 | |0 0 |1 0 |2 ddc |4 0 |6 704_946000000000000_FRU_2005 |7 0 |8 A |9 601341 |a BIBINC |b BIBINC |d 2025-03-17 |e Instituto Arcos |i 5666232 |o 704.946 FRU 2005 |p 5666232 |r 2025-03-17 |t 5 |w 2025-03-17 |y BK |k IFP | ||